| 000 | 01860nam a2200361 a 4500 | ||
|---|---|---|---|
| 001 | 25643 | ||
| 003 | BD-RjUL | ||
| 005 | 20211209050915.0 | ||
| 008 | 140318t1965 e abc ob 000 0 eng d | ||
| 035 | _a(BD-RjUL)25713 | ||
| 040 |
_aNyNyACL _cNyNyACL _dUkOxU _dBD-RjUL _beng |
||
| 041 | _aeng | ||
| 082 | 0 | 4 |
_a950 _bLAA 1965 |
| 090 |
_aDS33.1 _b(INTERNET) |
||
| 100 | 1 |
_aLach, Donald F. _q(Donald Frederick), _d1917- _977437 |
|
| 245 | 1 | 0 |
_aAsia in the making of Europe / _c[by] Donald F. Lach. _bVolume-1 _nThe century of Discovery |
| 260 |
_aChicago : _bUniversity of Chicago Press, _cc1965. |
||
| 300 |
_aV-1 (491 p.) : _bill., maps, ports. ; _c27 cm. |
||
| 500 | _aVol. 3 co-authored by Edwin J. Van Kley. | ||
| 504 | _aIncludes bibliographical references and indexes. | ||
| 505 | 1 | _av. 1. The century of discovery (2 v.) -- v. 2. A century of wonder (3 v.). Book 1. The visual arts ; Book 2. The literary arts ; Book 3. The scholarly disciplines -- v. 3. A century of advance (4 v.). Book 1. Trade, missions, literature ; Book 2. South Asia ; Book 3. Southeast Asia ; Book 4. East Asia. | |
| 520 | _aFirst systematic, inclusive study of the impact of the high civilizations of Asia on the development of modern Western civilization. | ||
| 550 | _aIssued as part of ACLS Humanities E-Book (Organization) | ||
| 650 | 0 |
_aEast and West _xHistory. _978790 |
|
| 651 | 0 |
_aEurope _xCivilization _xOriental influences. _978791 |
|
| 651 | 0 |
_aAsia _xDiscovery and exploration. _978792 |
|
| 700 | 1 |
_aVan Kley, Edwin J. _978793 |
|
| 710 | 2 |
_aACLS Humanities E-Book (Organization) _978794 |
|
| 710 | 2 |
_aAmerican Council of Learned Societies. _924905 |
|
| 776 | 0 | 8 |
_iPrint version: _aLach, Donald F. _tAsia in the making of Europe _dChicago : University of Chicago Press 1965-1993. _w(DLC) 64019848 |
| 856 | 4 | 0 | _uhttp://hdl.handle.net/2027/heb.03149 |
| 942 |
_2ddc _cBK |
||
| 999 |
_c25643 _d25643 |
||